[Event "4NCL Online Division 4"]
[Site "online"]
[Date "2021.03.23"]
[EventDate "2021.03.23"]
[Round "5.123"]
[White "Wicks, Ben"]
[WhiteElo "1450"]
[WhiteTeam "St Albans 2"]
[Black "Fell, Colin C"]
[BlackElo "1622"]
[BlackTeam "Crowthorne 1"]
[Result "1-0"]
[PlyCount "71"]

1. e4 e5 2. Nf3 Nf6 3. Nc3 Nc6 4. d4 exd4 5. Nxd4 Bb4 6. Nxc6 bxc6 7. Bd3 O-O 8. O-O d6 9. Bg5 h6 10. Bh4 Bg4 11. Bxf6 Qxf6 12. Qxg4 Bxc3 13. bxc3 Qxc3 14. Rab1 c5 15. Qe2 Rab8 16. Rb3 Qa5 17. Rfb1 Rxb3 18. axb3 Qb4 19. Qe1 Qd4 20. Qa5 Re8 21. Qxc7 Re5 22. Qc8+ Kh7 23. Qh3 Kg8 24. Qe3 Qb4 25. Bc4 Qb7 26. Bd5 Qb8 27. Qc3 Kf8 28. f4 Re7 29. e5 dxe5 30. Qxc5 exf4 31. Kf1 Qe5 32. Qc4 g5 33. Bf3 f5 34. Rd1 Re8 35. Bh5 f3 36. Qf7# 1-0

[Event "4NCL Online Division 4"]
[Site "online"]
[Date "2021.03.23"]
[EventDate "2021.03.23"]
[Round "5.124"]
[White "Sreeram, Yashasvini"]
[WhiteElo "1189"]
[WhiteTeam "Crowthorne 1"]
[Black "Branch, Graham"]
[BlackElo "1432"]
[BlackTeam "St Albans 2"]
[Result "1/2-1/2"]
[PlyCount "111"]

1. Nf3 d5 2. g3 Bf5 3. Bg2 Nf6 4. O-O Nbd7 5. d3 e5 6. Nbd2 Bc5 7. e4 Bg4 8. exd5 Nxd5 9. Re1 Bd6 10. Qe2 O-O 11. h3 Bh5 12. g4 Bg6 13. Nc4 Re8 14. Bd2 Rb8 15. Qd1 b5 16. Nxd6 cxd6 17. Nxe5 dxe5 18. Bxd5 Nb6 19. Bg2 f6 20. Bc6 Re7 21. Bxb5 Bf7 22. Bc6 Qc7 23. Bg2 Bd5 24. Bxd5+ Nxd5 25. Qf3 Rd7 26. c4 Nb4 27. Bxb4 Rxb4 28. b3 Rd4 29. Qe3 Qd6 30. Rad1 Kf7 31. Qf3 g6 32. g5 f5 33. Qe3 Ke6 34. f4 e4 35. Kh2 Rb7 36. Kg3 Rd7 37. Kf2 Rxd3 38. Rxd3 Qxd3 39. h4 Qxe3+ 40. Rxe3 Rd2+ 41. Re2 Rd3 42. Re3 Rd2+ 43. Re2 Rd3 44. Kg1 Kd6 45. Rb2 e3 46. Kf1 Rd4 47. Ke2 Rxf4 48. Kxe3 Re4+ 49. Kf3 Rd4 50. Kg3 Rd3+ 51. Kh2 Rd4 52. Kh3 Rd3+ 53. Kg2 Rd4 54. Kg3 Rd3+ 55. Kf4 Rd4+ 56. Kg3 1/2-1/2

[Event "4NCL Online Division 4"]
[Site "online"]
[Date "2021.03.23"]
[EventDate "2021.03.23"]
[Round "5.131"]
[White "Rossiter, Alex"]
[WhiteElo "1963"]
[WhiteTeam "Bristol Cabot Blackbeards"]
[Black "Morrell, Sean"]
[BlackElo "1751"]
[BlackTeam "Watford Juniors A"]
[Result "0-1"]
[PlyCount "88"]

1. e4 e6 2. d4 d5 3. Nc3 dxe4 4. Nxe4 Nd7 5. Nf3 Ngf6 6. Bd3 Nxe4 7. Bxe4 c5 8. O-O Nf6 9. Bg5 cxd4 10. Nxd4 Be7 11. Bf3 O-O 12. Qd3 Qb6 13. Rad1 Rd8 14. Be3 e5 15. Nf5 Bxf5 16. Qxf5 Qc7 17. c4 Rac8 18. b3 b6 19. h3 h6 20. Rfe1 Bb4 21. Rf1 Qe7 22. g4 e4 23. Be2 Bc5 24. Rxd8+ Rxd8 25. Bxc5 bxc5 26. Rd1 Rd4 27. Qc8+ Kh7 28. Kg2 Qd6 29. Re1 g6 30. Qb7 Kg7 31. Qxa7 Rd2 32. Qa8 Qf4 33. Qc6 Rxe2 34. Rxe2 Qf3+ 35. Kg1 Qxe2 36. Qxc5 Qxa2 37. b4 Qb1+ 38. Kg2 Qd3 39. b5 Nd7 40. Qc7 Qf3+ 41. Kg1 e3 42. fxe3 Qxe3+ 43. Kg2 Ne5 44. Qxf7+ Kxf7 0-1

[Event "4NCL Online Division 4"]
[Site "online"]
[Date "2021.03.23"]
[EventDate "2021.03.23"]
[Round "5.132"]
[White "Dasgupta, Avyukt"]
[WhiteElo "1664"]
[WhiteTeam "Watford Juniors A"]
[Black "Marston, Alastair"]
[BlackElo "1766"]
[BlackTeam "Bristol Cabot Blackbeards"]
[Result "1-0"]
[PlyCount "25"]

1. a3 e6 2. b4 a5 3. b5 c6 4. e4 d5 5. exd5 cxd5 6. d4 Bd6 7. Nf3 Nd7 8. a4 h6 9. Ba3 Bxa3 10. Nxa3 Qf6 11. Bd3 e5 12. dxe5 Nxe5 13. Qe2 1-0

[Event "4NCL Online Division 4"]
[Site "online"]
[Date "2021.03.23"]
[EventDate "2021.03.23"]
[Round "5.133"]
[White "Roberts, Mike"]
[WhiteElo "1429"]
[WhiteTeam "Bristol Cabot Blackbeards"]
[Black "Hussain, Hamza"]
[BlackElo "1600"]
[BlackTeam "Watford Juniors A"]
[Result "1-0"]
[PlyCount "87"]

1. d4 d5 2. Bf4 c5 3. e3 Nc6 4. Nf3 Nf6 5. h3 Qb6 6. b3 Bf5 7. Be2 e6 8. O-O Be7 9. Nh4 Bg6 10. Nxg6 hxg6 11. c3 cxd4 12. cxd4 Rc8 13. Nd2 Bb4 14. Nf3 Ne4 15. Bd3 Nc3 16. Qc2 Ne7 17. Qb2 O-O 18. Ne5 Qd8 19. a3 Ba5 20. b4 Bc7 21. Rac1 Na4 22. Qe2 Bxe5 23. Bxe5 f6 24. Bg3 Nf5 25. Qg4 Rxc1 26. Rxc1 Qe8 27. Rc7 Rf7 28. Bxf5 Rxc7 29. Bxc7 gxf5 30. Qg3 Qc8 31. Qd6 Nc3 32. Qe7 Nb5 33. Bg3 Nxa3 34. h4 Nb5 35. h5 Kh7 36. Qf7 b6 37. Qg6+ Kh8 38. Bf4 Qg8 39. h6 Qh7 40. hxg7+ Qxg7 41. Qe8+ Kh7 42. Qxb5 e5 43. dxe5 fxe5 44. Bg3 1-0

[Event "4NCL Online Division 4"]
[Site "online"]
[Date "2021.03.23"]
[EventDate "2021.03.23"]
[Round "5.134"]
[White "Demjan, Denisz"]
[WhiteElo "1286"]
[WhiteTeam "Watford Juniors A"]
[Black "Saha, Soumil"]
[BlackElo "1176"]
[BlackTeam "Bristol Cabot Blackbeards"]
[Result "1-0"]
[PlyCount "71"]

1. e4 e6 2. Nc3 d5 3. exd5 exd5 4. d4 Bf5 5. Bd3 Be6 6. Nf3 Qe7 7. O-O g6 8. Re1 h5 9. Nxd5 Nc6 10. Nxe7 Bxe7 11. c4 O-O-O 12. d5 Bb4 13. Re2 Bg4 14. dxc6 bxc6 15. Re3 h4 16. h3 Bf5 17. Qc2 Nh6 18. Bxf5+ Nxf5 19. a3 Nxe3 20. Bxe3 Be7 21. Nd4 Bc5 22. Nxc6 Bxe3 23. fxe3 Rde8 24. Nxa7+ Kb7 25. Nb5 Rxe3 26. a4 Rhe8 27. Nd4 c5 28. Nf3 Re2 29. Qb3+ Kc6 30. Qb5+ Kc7 31. Rd1 R2e4 32. Qd7+ Kb8 33. Rd6 R8e7 34. Qd8+ Kb7 35. Qb6+ Ka8 36. Rd8# 1-0

[Event "4NCL Online Division 4"]
[Site "online"]
[Date "2021.03.23"]
[EventDate "2021.03.23"]
[Round "5.141"]
[White "Jayawarna, Tarini"]
[WhiteElo "1709"]
[WhiteTeam "Manchester Juniors B"]
[Black "Jaunooby, Ali R"]
[BlackElo "2244"]
[BlackTeam "Manchester Manticores 1"]
[Result "0-1"]
[PlyCount "65"]

1. e4 c5 2. Nf3 d6 3. d4 cxd4 4. Nxd4 Nf6 5. Nc3 a6 6. Bg5 Nbd7 7. f4 h6 8. Bh4 g5 9. fxg5 hxg5 10. Bxg5 Bh6 11. Bxh6 Rxh6 12. Qd2 Rh4 13. O-O-O Nxe4 14. Qe1 Nxc3 15. Qxc3 Ne5 16. Nf3 Nxf3 17. Qxf3 Qa5 18. Kb1 Be6 19. a3 O-O-O 20. h3 Rdh8 21. Be2 Kb8 22. Qe3 Rc8 23. g4 Rch8 24. Rd4 Qc5 25. Qe4 Bf5 26. Qe3 Bxc2+ 27. Ka1 e5 28. Re4 Bxe4 29. Qxe4 Rxh3 30. Rxh3 Rxh3 31. Bf3 Qc6 32. Qd3 Rxf3 33. g5 0-1

[Event "4NCL Online Division 4"]
[Site "online"]
[Date "2021.03.23"]
[EventDate "2021.03.23"]
[Round "5.142"]
[White "Stoker, Andrew J"]
[WhiteElo "2019"]
[WhiteTeam "Manchester Manticores 1"]
[Black "Benhamida, Aisha"]
[BlackElo "1648"]
[BlackTeam "Manchester Juniors B"]
[Result "1-0"]
[PlyCount "49"]

1. e4 c5 2. d4 cxd4 3. Nf3 Nc6 4. Nxd4 d6 5. Nc3 Nf6 6. Bc4 e6 7. Be3 a6 8. Bb3 Bd7 9. Qe2 Be7 10. f3 O-O 11. O-O-O Qc7 12. g4 Rfd8 13. g5 Ne8 14. Rhg1 b5 15. f4 Rac8 16. f5 Nxd4 17. Bxd4 Qc6 18. g6 Nf6 19. gxf7+ Kxf7 20. fxe6+ Bxe6 21. Nd5 Rd7 22. Rdf1 h6 23. Qh5+ Kf8 24. Nxf6 Bxf6 25. Rxf6+ 1-0

[Event "4NCL Online Division 4"]
[Site "online"]
[Date "2021.03.23"]
[EventDate "2021.03.23"]
[Round "5.143"]
[White "Jayawarna, Thisumi"]
[WhiteElo "1626"]
[WhiteTeam "Manchester Juniors B"]
[Black "Reed, John"]
[BlackElo "1885"]
[BlackTeam "Manchester Manticores 1"]
[Result "0-1"]
[PlyCount "50"]

1. e4 e5 2. Nf3 Nc6 3. Bc4 Nf6 4. Ng5 d5 5. exd5 Na5 6. Bb5+ c6 7. dxc6 bxc6 8. Ba4 h6 9. Nf3 e4 10. Ng1 Bc5 11. Nc3 O-O 12. Nge2 Bf5 13. O-O Qd6 14. h3 Rad8 15. a3 Nc4 16. Re1 Ne5 17. Rf1 Nf3+ 18. gxf3 exf3 19. Kh1 fxe2 20. Qxe2 Bxh3 21. Rg1 Rfe8 22. Qf3 Bg4 23. Qg2 Qe5 24. Rf1 Qh5+ 25. Kg1 Bh3 0-1

[Event "4NCL Online Division 4"]
[Site "online"]
[Date "2021.03.23"]
[EventDate "2021.03.23"]
[Round "5.144"]
[White "Kobryn, Peter J"]
[WhiteElo "1946"]
[WhiteTeam "Manchester Manticores 1"]
[Black "Correa, Rebecca"]
[BlackElo "1463"]
[BlackTeam "Manchester Juniors B"]
[Result "1/2-1/2"]
[PlyCount "149"]

1. e4 c5 2. d4 cxd4 3. c3 Nf6 4. Qc2 Nc6 5. Nf3 e6 6. Bg5 Be7 7. Nxd4 Nxd4 8. cxd4 O-O 9. Nc3 d6 10. Be2 b6 11. O-O Bb7 12. Rfd1 Qc7 13. Rac1 Rac8 14. Qd3 Qd7 15. Qe3 h6 16. Bxf6 Bxf6 17. e5 Be7 18. Ne4 Bxe4 19. Qxe4 d5 20. Qd3 Bg5 21. Rc3 Rxc3 22. bxc3 Rc8 23. g3 Qc6 24. f4 Be7 25. Rc1 Bb4 26. c4 b5 27. c5 a6 28. Kf2 Qc7 29. h4 Qa5 30. Rc2 Ba3 31. h5 Qa4 32. Ke3 Rb8 33. c6 Rc8 34. Bd1 Qa5 35. Ke2 b4 36. c7 Rxc7 37. Rxc7 Qxc7 38. Qxa6 Qc3 39. Qd3 Qb2+ 40. Qd2 Qxd2+ 41. Kxd2 Kf8 42. g4 Ke7 43. Bc2 Bb2 44. Kd3 Bc1 45. f5 Kd7 46. Ba4+ Ke7 47. Bc6 Ba3 48. Kc2 Kd8 49. Kb3 Ke7 50. Bb5 Kd8 51. Bd3 Ke7 52. Bc2 Kd8 53. Bd3 Ke7 54. Ba6 Kd8 55. fxe6 fxe6 56. Bd3 Ke7 57. Bg6 Kd8 58. Bf7 Ke7 59. Bg8 Kd7 60. Kc2 Ke7 61. Bh7 Kd7 62. Bg8 Ke7 63. Bh7 Kd7 64. Bd3 Ke7 65. Bg6 Kd7 66. Bf7 Ke7 67. Bg8 Kd7 68. Kb3 Ke7 69. Bh7 Kd7 70. Bg6 Ke7 71. Bb1 Kd7 72. Bh7 Ke7 73. Bg8 Kd7 74. Bh7 Ke7 75. Bg8 1/2-1/2

[Event "4NCL Online Division 4"]
[Site "online"]
[Date "2021.03.23"]
[EventDate "2021.03.23"]
[Round "5.151"]
[White "Bell, Alan D"]
[WhiteElo "1982"]
[WhiteTeam "Grangemouth Gambiteers"]
[Black "Kruitbosch, Gijs"]
[BlackElo "1803"]
[BlackTeam "Wigston 2"]
[Result "1-0"]
[PlyCount "65"]

1. e4 e5 2. Nf3 Nc6 3. Bc4 Bc5 4. b4 Bxb4 5. c3 Ba5 6. d4 exd4 7. Qb3 Qe7 8. O-O Bb6 9. cxd4 Na5 10. Qc2 Nxc4 11. Qxc4 d6 12. a4 a6 13. a5 Ba7 14. e5 dxe5 15. Ba3 c5 16. Nc3 Nf6 17. dxe5 Ng4 18. h3 Nh6 19. Nd5 Be6 20. Qa4+ Bd7 21. Qf4 Qd8 22. e6 Bxe6 23. Nc7+ Ke7 24. Rad1 Qc8 25. Qd6+ Kf6 26. Bb2+ Kg6 27. Nxa8 Qxa8 28. Qg3+ Ng4 29. Ne5+ Kf6 30. Nxg4+ Ke7 31. Qd6+ Ke8 32. Bxg7 Rg8 33. Nf6# 1-0

[Event "4NCL Online Division 4"]
[Site "online"]
[Date "2021.03.23"]
[EventDate "2021.03.23"]
[Round "5.152"]
[White "Pike, Andrew"]
[WhiteElo "1640"]
[WhiteTeam "Wigston 2"]
[Black "McLay, John W"]
[BlackElo "1900"]
[BlackTeam "Grangemouth Gambiteers"]
[Result "0-1"]
[PlyCount "78"]

1. c4 e5 2. a3 c6 3. e4 Nf6 4. Nc3 Bc5 5. d3 h6 6. Be2 O-O 7. Nf3 a5 8. O-O Re8 9. Be3 Bxe3 10. fxe3 d5 11. cxd5 cxd5 12. Nd2 d4 13. exd4 Qxd4+ 14. Kh1 Qd8 15. h3 Nc6 16. Nf3 Be6 17. Na4 b6 18. Nc3 Rc8 19. Rc1 Nh5 20. Nb5 Ng3+ 21. Kh2 Nxf1+ 22. Qxf1 f6 23. Nh4 Nd4 24. Rxc8 Bxc8 25. Nxd4 Qxd4 26. Bh5 Rd8 27. Qd1 Be6 28. Be2 Qxb2 29. Ng6 Qxa3 30. Qc2 Qc5 31. Qd1 b5 32. Bg4 Bf7 33. Nh4 a4 34. Nf5 a3 35. Qd2 a2 36. Nxh6+ gxh6 37. Qxh6 a1=Q 38. Qxf6 Qcg1+ 39. Kg3 Qae1+ 0-1

[Event "4NCL Online Division 4"]
[Site "online"]
[Date "2021.03.23"]
[EventDate "2021.03.23"]
[Round "5.153"]
[White "Mason, Ian C"]
[WhiteElo "1872"]
[WhiteTeam "Grangemouth Gambiteers"]
[Black "Mottram, Paul"]
[BlackElo "1480"]
[BlackTeam "Wigston 2"]
[Result "1/2-1/2"]
[PlyCount "68"]

1. d4 d5 2. Nf3 Nf6 3. c4 c6 4. Nc3 dxc4 5. e3 b5 6. Bd2 Bb7 7. a4 a6 8. Be2 Nbd7 9. O-O e6 10. axb5 cxb5 11. h3 Be7 12. Re1 O-O 13. b3 cxb3 14. Qxb3 Qb6 15. Rec1 Rfc8 16. Rcb1 Nd5 17. Nxd5 Bxd5 18. Qd1 h6 19. Bb4 Bxb4 20. Rxb4 Qd6 21. Rb2 Nb6 22. Nd2 Nc4 23. Bxc4 Bxc4 24. Nxc4 bxc4 25. Qc2 a5 26. Rba2 Qb6 27. Rb1 Qc6 28. Ra4 c3 29. Rba1 Qb5 30. Rb1 Qd5 31. Rba1 Rc4 32. Rxc4 Qxc4 33. Ra4 Qc6 34. Ra3 a4 1/2-1/2

[Event "4NCL Online Division 4"]
[Site "online"]
[Date "2021.03.23"]
[EventDate "2021.03.23"]
[Round "5.154"]
[White "Milligan, Alex"]
[WhiteElo "1497"]
[WhiteTeam "Wigston 2"]
[Black "Will, Douglas"]
[BlackElo "1845"]
[BlackTeam "Grangemouth Gambiteers"]
[Result "0-1"]
[PlyCount "102"]

1. b3 e5 2. Bb2 Nc6 3. e3 Nf6 4. Bb5 d6 5. Ne2 Be7 6. O-O O-O 7. Bxc6 bxc6 8. f4 e4 9. c4 d5 10. Ng3 Bg4 11. Qc2 h5 12. Nc3 h4 13. Nh1 h3 14. Nf2 hxg2 15. Kxg2 Bf3+ 16. Kg1 Qd7 17. d3 Ng4 18. dxe4 Bh4 19. Ncd1 Rae8 20. cxd5 cxd5 21. e5 Re6 22. f5 Rh6 23. Nxg4 Bxg4 24. Rf4 Bh3 25. Nf2 g5 26. Nxh3 gxf4 27. Qg2+ Kh7 28. e6 fxe6 29. Nxf4 Rg8 30. Ng6 Rhxg6 31. fxg6+ Rxg6 32. Qxg6+ Kxg6 33. Kh1 Qf7 34. Rg1+ Kh5 35. Be5 Qf3+ 36. Rg2 Bf2 37. Bg3 Bxg3 38. hxg3 Kg4 39. Kh2 Qxe3 40. Rb2 Qxg3+ 41. Kh1 Qf3+ 42. Kh2 Qf4+ 43. Kg2 Qe4+ 44. Kf1 Qd3+ 45. Kg2 e5 46. Kh1 e4 47. Rg2+ Kf3 48. Kh2 e3 49. Rg3+ Kf4 50. Kg2 Qd2+ 51. Kh3 e2 0-1

[Event "4NCL Online Division 4"]
[Site "online"]
[Date "2021.03.23"]
[EventDate "2021.03.23"]
[Round "5.161"]
[White "Granat, Russell G"]
[WhiteElo "2266"]
[WhiteTeam "Farnham A"]
[Black "Adaway, William"]
[BlackElo "1899"]
[BlackTeam "Wessex Some Stars D"]
[Result "1-0"]
[PlyCount "93"]

1. e4 e6 2. d4 d5 3. exd5 exd5 4. c4 Nf6 5. Nc3 Be7 6. Nf3 O-O 7. Be2 dxc4 8. Bxc4 Nbd7 9. O-O Nb6 10. Bb3 Bg4 11. Re1 Re8 12. Bxf7+ Kxf7 13. Ne5+ Kg8 14. Nxg4 Nxg4 15. Qxg4 Bf6 16. Rxe8+ Qxe8 17. Be3 Rd8 18. Rd1 Qf7 19. h3 Nc4 20. Ne4 Nxe3 21. Nxf6+ Qxf6 22. fxe3 Rf8 23. Qg3 Qe6 24. b3 c6 25. Kh2 h6 26. Rc1 Re8 27. Re1 Qe4 28. Qf3 Qd3 29. Qe2 Qe4 30. a4 Rf8 31. b4 Qe6 32. b5 c5 33. dxc5 Qe5+ 34. Kh1 Qxc5 35. Qb2 Kh8 36. Qd4 Qg5 37. Qxa7 Qg3 38. Rg1 Rf7 39. Qd4 Rf2 40. Qe4 Re2 41. Rc1 Re1+ 42. Rxe1 Qxe1+ 43. Kh2 b6 44. Qd4 h5 45. Qxb6 h4 46. Qb8+ Kh7 47. Qf4 1-0

[Event "4NCL Online Division 4"]
[Site "online"]
[Date "2021.03.23"]
[EventDate "2021.03.23"]
[Round "5.162"]
[White "Krawczuk, Michael J"]
[WhiteElo "1877"]
[WhiteTeam "Wessex Some Stars D"]
[Black "Richardson, Kevin D"]
[BlackElo "2154"]
[BlackTeam "Farnham A"]
[Result "0-1"]
[PlyCount "140"]

1. e4 c5 2. Nf3 Nc6 3. d4 cxd4 4. Nxd4 g6 5. Be3 Bg7 6. c4 Nf6 7. Nc3 O-O 8. Qd2 Ng4 9. Nxc6 bxc6 10. Bd4 d6 11. Bxg7 Kxg7 12. Be2 Qb6 13. O-O Rb8 14. b3 Nf6 15. Kh1 Rd8 16. Rad1 Be6 17. h3 d5 18. exd5 cxd5 19. cxd5 Nxd5 20. Na4 Qb4 21. Qb2+ Kg8 22. Rd4 Qa5 23. Rfd1 Rdc8 24. Bf3 Nb4 25. R1d2 Bf5 26. Be4 Bxe4 27. Rxe4 e6 28. Red4 Nd5 29. Qb1 Rc7 30. Rc2 Rbc8 31. Rxc7 Rxc7 32. Qd1 Qa6 33. Kg1 Qd6 34. Qd2 Qa3 35. Kh2 Qc1 36. Qxc1 Rxc1 37. Rd2 Kg7 38. g3 Ra1 39. Kg2 Nb4 40. Nc3 Rc1 41. Na4 Kf6 42. Rd7 a6 43. Rd2 Ke5 44. Kf3 h5 45. Nb2 Rc3+ 46. Ke2 Kf6 47. Nc4 Nd5 48. Nd6 Rc1 49. Nc4 Ra1 50. a3 Rb1 51. Rd3 Ra1 52. Kf3 Ra2 53. Rd2 Rxd2 54. Nxd2 Ke5 55. Ke2 Kd4 56. Nb1 Nc3+ 57. Nxc3 Kxc3 58. b4 Kb3 59. Kd3 Kxa3 60. Kc3 Ka4 61. Kc4 e5 62. f3 f6 63. g4 hxg4 64. hxg4 f5 65. gxf5 gxf5 66. Kd5 e4 67. fxe4 fxe4 68. Kxe4 Kxb4 69. Kd3 Kb3 70. Kd2 Kb2 0-1

[Event "4NCL Online Division 4"]
[Site "online"]
[Date "2021.03.23"]
[EventDate "2021.03.23"]
[Round "5.163"]
[White "Warren, Alex M"]
[WhiteElo "2000"]
[WhiteTeam "Farnham A"]
[Black "Clancy, Martin J"]
[BlackElo "1860"]
[BlackTeam "Wessex Some Stars D"]
[Result "1-0"]
[PlyCount "87"]

1. d4 Nf6 2. Bf4 g6 3. Nc3 d6 4. e4 Bg7 5. Qd2 c5 6. dxc5 dxc5 7. Qxd8+ Kxd8 8. Nf3 e6 9. Ng5 Ke7 10. Nb5 Ne8 11. O-O-O e5 12. Be3 a6 13. Bxc5+ Kf6 14. Nd6 Nxd6 15. Rxd6+ Kxg5 16. Be3+ Kh5 17. Be2+ Bg4 18. f3 Be6 19. h4 g5 20. hxg5+ Kg6 21. g3 Bf8 22. Rb6 Nd7 23. Rxb7 Bc5 24. Bd2 Rhb8 25. Rxb8 Rxb8 26. f4 Bxa2 27. Rh6+ Kg7 28. Rxa6 Bf2 29. Rxa2 Bxg3 30. f5 Nc5 31. Bd3 Bf4 32. Bxf4 exf4 33. Ra5 Rc8 34. Kd2 f3 35. Ke3 Nxd3 36. cxd3 Rc2 37. Kxf3 Rxb2 38. d4 Rb4 39. d5 h5 40. gxh6+ Kxh6 41. Kf4 Kg7 42. d6 Kf8 43. Ra8+ Kg7 44. d7 1-0

[Event "4NCL Online Division 4"]
[Site "online"]
[Date "2021.03.23"]
[EventDate "2021.03.23"]
[Round "5.164"]
[White "Du Toit, Reenen J"]
[WhiteElo "1905"]
[WhiteTeam "Wessex Some Stars D"]
[Black "Cooper, Malcolm H"]
[BlackElo "1808"]
[BlackTeam "Farnham A"]
[Result "1-0"]
[PlyCount "73"]

1. c4 e5 2. g3 Nf6 3. Bg2 Nc6 4. Nc3 Be7 5. d3 O-O 6. e4 Nd4 7. Nge2 c5 8. O-O d6 9. h3 Ne8 10. Nxd4 cxd4 11. Nd5 f5 12. f4 fxe4 13. Bxe4 Bf5 14. Bxf5 Rxf5 15. g4 Rf7 16. Qe2 Nf6 17. fxe5 dxe5 18. Qxe5 Nxd5 19. Rxf7 Kxf7 20. cxd5 Qd6 21. Qf5+ Qf6 22. Qe4 Re8 23. g5 Qg6 24. Qf3+ Kg8 25. h4 Rf8 26. Qe4 Qd6 27. Kg2 Bd8 28. Bd2 Bc7 29. Qe6+ Rf7 30. Qxd6 Bxd6 31. Rf1 Rxf1 32. Kxf1 Bg3 33. h5 Kf7 34. Kg2 Be5 35. Kf3 Ke7 36. Ke4 Kd6 37. Bb4+ 1-0

[Event "4NCL Online Division 4"]
[Site "online"]
[Date "2021.04.06"]
[EventDate "2021.04.06"]
[Round "6.11"]
[White "Robinson, Brian"]
[WhiteElo "1717"]
[WhiteTeam "Bishop Trojans"]
[Black "Mackle, Dominic"]
[BlackElo "2152"]
[BlackTeam "Hackney Thirsty"]
[Result "0-1"]
[PlyCount "64"]

1. d4 d5 2. Nf3 Nf6 3. e3 e6 4. Bd3 a6 5. Nbd2 c5 6. b3 b6 7. Bb2 Bb7 8. O-O Bd6 9. Ne5 Nc6 10. f4 Ne7 11. Rf3 h5 12. Rg3 g6 13. Ndf3 Nf5 14. Bxf5 exf5 15. Ng5 Rf8 16. Qd2 Qe7 17. Re1 O-O-O 18. Ba3 Ne4 19. Qe2 Nxg3 20. hxg3 Bxe5 21. dxe5 f6 22. Nf3 fxe5 23. Nxe5 Qe8 24. Bb2 Rg8 25. Qd3 Qb5 26. Qxb5 axb5 27. Nf7 Rd7 28. Ng5 Re8 29. Be5 b4 30. Rd1 Bc6 31. Kf2 Ra7 32. Nf7 Rxf7 0-1

[Event "4NCL Online Division 4"]
[Site "online"]
[Date "2021.04.06"]
[EventDate "2021.04.06"]
[Round "6.12"]
[White "Domanski, Lukasz"]
[WhiteElo "2002"]
[WhiteTeam "Hackney Thirsty"]
[Black "Smith, Peter J"]
[BlackElo "1645"]
[BlackTeam "Bishop Trojans"]
[Result "1-0"]
[PlyCount "61"]

1. e4 a6 2. d4 h6 3. Nc3 d6 4. f4 c6 5. Be3 Qc7 6. Nf3 Nd7 7. Qd2 g5 8. fxg5 hxg5 9. Nxg5 Ngf6 10. Bc4 d5 11. Bf4 e5 12. dxe5 Nxe5 13. exd5 Nxc4 14. Bxc7 Nxd2 15. Kxd2 Bh6 16. Rae1+ Kf8 17. Bd6+ Kg8 18. h4 cxd5 19. Rhf1 d4 20. Rxf6 Bxg5+ 21. hxg5 dxc3+ 22. Kxc3 Be6 23. g6 Rc8+ 24. Kd2 Rd8 25. gxf7+ Bxf7 26. Kc1 Rh5 27. Re7 Rh1+ 28. Kd2 Bh5 29. g4 Be8 30. Rxb7 Rg1 31. Rf8# 1-0

[Event "4NCL Online Division 4"]
[Site "online"]
[Date "2021.04.06"]
[EventDate "2021.04.06"]
[Round "6.13"]
[White "Bainbridge, Bryan J"]
[WhiteElo "1546"]
[WhiteTeam "Bishop Trojans"]
[Black "Baumann, Tobias"]
[BlackElo "2005"]
[BlackTeam "Hackney Thirsty"]
[Result "0-1"]
[PlyCount "86"]

1. e4 c5 2. Nc3 d6 3. g3 Nf6 4. Bg2 Nc6 5. d3 e6 6. f4 Be7 7. Nf3 O-O 8. O-O Qb6 9. Kh1 Bd7 10. Rb1 Nd4 11. Ne2 Nxf3 12. Bxf3 Bc6 13. Nc3 d5 14. Qe2 dxe4 15. Nxe4 Rfd8 16. Qg2 Nxe4 17. Bxe4 Bf6 18. Bxc6 bxc6 19. b3 Rd5 20. Qf3 Bc3 21. Qe2 a5 22. Bb2 Bxb2 23. Rxb2 a4 24. c4 Rd4 25. Rfb1 a3 26. Rd2 Rad8 27. Rbd1 Qb4 28. Rc1 h6 29. Rcc2 Qb8 30. Qe3 Qd6 31. Rc3 f6 32. Kg1 Kf7 33. Kf1 g5 34. fxg5 hxg5 35. Qf3 e5 36. Ke2 e4 37. Qh5+ Kg7 38. Qh3 exd3+ 39. Kd1 g4 40. Qf1 Kg6 41. Qe1 Qe5 42. Qf2 Re4 43. Rc1 Re8 0-1

[Event "4NCL Online Division 4"]
[Site "online"]
[Date "2021.04.06"]
[EventDate "2021.04.06"]
[Round "6.14"]
[White "Ciesielski, Marceli"]
[WhiteElo "1769"]
[WhiteTeam "Hackney Thirsty"]
[Black "Berry, Robert"]
[BlackElo "1520"]
[BlackTeam "Bishop Trojans"]
[Result "1-0"]
[PlyCount "59"]

1. d4 d5 2. Bf4 Nf6 3. e3 h6 4. Nf3 Nc6 5. c4 e6 6. Nc3 Bb4 7. Qc2 Ne4 8. Bd3 Nxc3 9. bxc3 Bd6 10. Bg3 Bxg3 11. hxg3 f5 12. Qe2 dxc4 13. Bxc4 Qf6 14. O-O Bd7 15. Rab1 b6 16. e4 Kf7 17. Rfe1 fxe4 18. Qxe4 Na5 19. Bd3 Nc6 20. Bb5 e5 21. Bxc6 Bxc6 22. Nxe5+ Kg8 23. Nxc6 g6 24. Re3 Kf7 25. Rf3 Qxf3 26. Qxf3+ Kg7 27. Re1 Rae8 28. Rxe8 Rxe8 29. Ne5 Rf8 30. Qc6 1-0

[Event "4NCL Online Division 4"]
[Site "online"]
[Date "2021.04.06"]
[EventDate "2021.04.06"]
[Round "6.21"]
[White "Brozel, Sacha"]
[WhiteElo "2310"]
[WhiteTeam "Barnet Knights A"]
[Black "Kirkham, Mark"]
[BlackElo "1823"]
[BlackTeam "Sheffield Deaf"]
[Result "1-0"]
[PlyCount "77"]

1. Nf3 d5 2. g3 Nf6 3. Bg2 Bg4 4. c4 e6 5. O-O c6 6. cxd5 cxd5 7. Qb3 Nbd7 8. Nc3 Qb6 9. Qxb6 Nxb6 10. Nb5 Rc8 11. Nxa7 Rc5 12. b4 Rc2 13. a3 Bd6 14. Nb5 Rc6 15. Bb2 Be7 16. Nfd4 Rc8 17. Rfc1 O-O 18. h3 Bh5 19. g4 Bg6 20. d3 h6 21. Rxc8 Rxc8 22. Rc1 Rxc1+ 23. Bxc1 Na4 24. f4 Kf8 25. Kf2 Bh7 26. Kg3 Ne8 27. e4 dxe4 28. dxe4 Nf6 29. f5 e5 30. Nb3 Nd7 31. Na5 b6 32. Nc4 Ke8 33. Bf3 f6 34. Bd1 Bg8 35. Ne3 Nac5 36. bxc5 bxc5 37. Be2 Ba2 38. Bc4 Bb1 39. Nc3 1-0

[Event "4NCL Online Division 4"]
[Site "online"]
[Date "2021.04.06"]
[EventDate "2021.04.06"]
[Round "6.22"]
[White "Freund, Michael P"]
[WhiteElo "1670"]
[WhiteTeam "Sheffield Deaf"]
[Black "Rasalingam, Haran"]
[BlackElo "2087"]
[BlackTeam "Barnet Knights A"]
[Result "0-1"]
[PlyCount "122"]

1. d4 Nf6 2. Bf4 d6 3. e3 g6 4. Nf3 Bg7 5. h3 O-O 6. Be2 Nbd7 7. O-O Ne4 8. Nbd2 Ndf6 9. Nxe4 Nxe4 10. Nd2 f5 11. Nxe4 fxe4 12. c3 Kh8 13. Bg4 Bf5 14. Bxf5 gxf5 15. f3 Qd7 16. fxe4 fxe4 17. Qc2 d5 18. Bg3 c6 19. Bf4 Rf5 20. Rf2 Bf6 21. Raf1 Rg8 22. g4 e5 23. dxe5 Bxe5 24. Bxe5+ Rxe5 25. Rf4 h5 26. Qf2 Qg7 27. Qh4 Qg5 28. Qxg5 Rexg5 29. Rf5 hxg4 30. h4 R5g7 31. Kg2 Kh7 32. Kg3 Rg6 33. R1f4 Kh6 34. Rf6 Rg7 35. Rxg6+ Rxg6 36. Rxg4 Rf6 37. Rf4 Rd6 38. Rf5 Rg6+ 39. Kh3 Rg7 40. Rf6+ Kh7 41. Rf4 b6 42. Rg4 Rd7 43. Kg3 Kh6 44. Rf4 Kh5 45. Rf5+ Kg6 46. Rg5+ Kf6 47. Rg4 c5 48. Kf4 Rh7 49. Kg3 Rh6 50. Kf4 Ke6 51. Kg5 Rh8 52. Kf4 Rf8+ 53. Kg5 Rf3 54. h5 Kf7 55. h6 Kg8 56. Kg6 Rxe3 57. h7+ Kh8 58. Rf4 Rg3+ 59. Kh6 Rf3 60. Rg4 Rf6+ 61. Kg5 Rf7 0-1

[Event "4NCL Online Division 4"]
[Site "online"]
[Date "2021.04.06"]
[EventDate "2021.04.06"]
[Round "6.23"]
[White "Kesterson, Kennan"]
[WhiteElo "2006"]
[WhiteTeam "Barnet Knights A"]
[Black "Litherland, Reuben"]
[BlackElo "1320"]
[BlackTeam "Sheffield Deaf"]
[Result "1-0"]
[PlyCount "67"]

1. e4 c5 2. Nf3 e6 3. d4 Nc6 4. Nc3 cxd4 5. Nxd4 Nxd4 6. Qxd4 Nf6 7. Be2 b6 8. O-O Bc5 9. Qd3 Bb7 10. Bf3 Qc8 11. Rd1 O-O 12. e5 Bxf3 13. Qxf3 Ne8 14. Nb5 Qc6 15. Qd3 Nc7 16. Nxc7 Qxc7 17. Bf4 Rad8 18. Qg3 Kh8 19. Rd3 Qb7 20. Rad1 f6 21. Be3 fxe5 22. Bxc5 bxc5 23. Qxe5 h6 24. Rd6 Qc7 25. R1d3 c4 26. Rd1 Rf5 27. Qd4 Ra5 28. a3 Rb5 29. g3 Qb7 30. Rxe6 Rxb2 31. Rxh6+ Kg8 32. Qxc4+ d5 33. Qh4 gxh6 34. Qxd8+ 1-0